| 000 | 00582nam a2200241Ia 4500 | ||
|---|---|---|---|
| 001 | Z_3719 | ||
| 003 | CHAP | ||
| 005 | 20221020225345.0 | ||
| 007 | ta | ||
| 008 | 220113s1980 xx 000 0 und d | ||
| 010 | _a166800 | ||
| 040 | _cCHAP | ||
| 090 | _aR-66 | ||
| 100 | 1 |
_aMcCullough, Marshall E. _973456 |
|
| 245 | 1 | 0 |
_aSilage - some general considerations / _cpor Marshall E. McCullough |
| 260 |
_aGeorgia : _bGeorgia Station, _c1980 |
||
| 300 | _a24 hojas | ||
| 650 | 1 |
_aEnsilaje _937102 |
|
| 901 | _aR-66 | ||
| 902 | _aA | ||
| 910 | _a1980 | ||
| 942 |
_cREIMP _2local |
||
| 999 |
_c166800 _d166800 |
||